000
00287nam a2200121Ia 4500
008
190216s9999||||xx |||||||||||||| ||und||
100
_a
Igusa
245
0
_a
Lectures On Forms Of Higher Degree
260
_b
Springer Verlag
_c
1978
300
_a
175p
650
_a
Mathematics
942
_c
BK
999
_c
30956
_d
30956